[Event "7th European Individual Senior Champion."]
[Site "Hockenheim, Germany"]
[Date "2007.06.07"]
[Round "6.25"]
[White "Van Oosten, Arend"]
[Black "Ivanets, Vladimir"]
[Result "0-1"]
[WhiteElo "2155"]
[BlackElo "2261"]
[PlyCount "124"]
[EventDate "2007.??.??"]

1. e4 c5 2. Nc3 a6 3. g3 b5 4. Bg2 Bb7 5. d3 e6 6. Nge2 b4 7. Na4 d5 8. exd5
Bxd5 9. Bxd5 Qxd5 10. O-O Nd7 11. d4 Ngf6 12. dxc5 Bxc5 13. Nxc5 Nxc5 14. Be3
Ncd7 15. a3 Ne5 16. Qxd5 Nxd5 17. Bc5 bxa3 18. Bxa3 g5 19. f4 gxf4 20. Nxf4 Ne3
21. Rf2 N3g4 22. Re2 Nf3+ 23. Kg2 Nd4 24. Re4 Nxc2 25. Rc1 Nxa3 26. bxa3 Nf6
27. Ra4 O-O 28. Rc6 Rfd8 29. Raxa6 Rd2+ 30. Kh3 Rad8 31. Rc1 Ra2 32. Rg1 Rdd2
33. Rg2 Rxg2 34. Nxg2 Nd5 35. Nf4 Nxf4+ 36. gxf4 Kg7 37. Kg3 Kf6 38. Ra5 h6 39.
h3 Rc2 40. a4 Rc3+ 41. Kg4 Rc4 42. Kg3 Kg6 43. Kf3 Rc3+ 44. Kg2 Ra3 45. Kh2 Rf3
46. f5+ exf5 47. Rb5 Ra3 48. Rb4 Kf6 49. Kg2 h5 50. Rc4 Ke5 51. Rb4 f4 52. Rc4
h4 53. Rb4 Rg3+ 54. Kh2 f5 55. Rc4 f3 56. Rc2 Rg6 57. a5 Kf4 58. Ra2 Re6 59.
Kg1 Kg3 60. Kf1 Rc6 61. Ra1 Rc2 62. a6 Rh2 0-1

[Event "7th European Individual Senior Champion."]
[Site "Hockenheim, Germany"]
[Date "2007.06.07"]
[Round "6.26"]
[White "Mueller, Waldemar"]
[Black "Karl, Hans"]
[Result "0-1"]
[WhiteElo "2115"]
[BlackElo "2251"]
[PlyCount "102"]
[EventDate "2007.??.??"]

1. d4 d5 2. Nf3 c6 3. g3 Nf6 4. Bg2 Bf5 5. Nbd2 Nbd7 6. c4 e6 7. O-O Bd6 8. Re1
O-O 9. Nh4 Bg4 10. Qc2 e5 11. dxe5 Nxe5 12. cxd5 Nxd5 13. Ne4 Be7 14. Nf3 Nxf3+
15. exf3 Bh5 16. Bd2 Qb6 17. a3 Rfe8 18. f4 Bg6 19. Rac1 Rad8 20. b4 f6 21. Bh3
Bf8 22. f5 Bf7 23. Bg2 Re5 24. Nc3 Rxe1+ 25. Rxe1 Qd4 26. Re4 Qb6 27. Na4 Qa6
28. Bc1 b6 29. h4 Qb7 30. Re1 Qc8 31. Rd1 Ne7 32. g4 Nd5 33. Rd4 c5 34. bxc5
bxc5 35. Rd1 Be7 36. Nb2 Nb6 37. Re1 Bf8 38. Nd3 Nd5 39. Bf1 h5 40. f3 Qc7 41.
Kg2 c4 42. Nf2 hxg4 43. Nxg4 Nf4+ 44. Kg1 Nd3 45. Bxd3 Qg3+ 46. Kf1 cxd3 47.
Qc3 Qxf3+ 48. Nf2 Qxf5 49. Bd2 Bc5 50. Be3 Bxe3 51. Rxe3 d2 0-1

[Event "7th European Individual Senior Champion."]
[Site "Hockenheim, Germany"]
[Date "2007.06.07"]
[Round "6.27"]
[White "Visser, Gerrit"]
[Black "Fahnenschmidt, Gerhard Dr"]
[Result "1-0"]
[WhiteElo "2240"]
[BlackElo "2134"]
[PlyCount "82"]
[EventDate "2007.??.??"]

1. e4 c5 2. Nf3 d6 3. d4 cxd4 4. Nxd4 Nf6 5. Nc3 g6 6. Be2 Bg7 7. Be3 O-O 8.
O-O Nc6 9. h3 Bd7 10. Qd2 Qa5 11. Nb3 Qc7 12. Bh6 Ne5 13. Bxg7 Kxg7 14. f4 Nc6
15. Nd5 Nxd5 16. exd5 Qb6+ 17. Kh1 Nb4 18. c3 Na6 19. Bxa6 bxa6 20. Rae1 Rfe8
21. Rf3 e6 22. dxe6 Rxe6 23. Rxe6 Bxe6 24. Nd4 Bxa2 25. f5 f6 26. fxg6 hxg6 27.
Qf4 Rf8 28. c4 Bxc4 29. Nf5+ gxf5 30. Qxc4 Rf7 31. Rg3+ Kf8 32. Qc8+ Ke7 33.
Rg8 Qb5 34. Qd8+ Ke6 35. Re8+ Kd5 36. Re1 Qb4 37. Qe8 Rg7 38. Rd1+ Kc5 39. Rc1+
Kb6 40. Qc8 Qc5 41. Rxc5 dxc5 1-0

[Event "7th European Individual Senior Champion."]
[Site "Hockenheim, Germany"]
[Date "2007.06.07"]
[Round "6.28"]
[White "Fomina, Tatyana"]
[Black "Dydy, Kaplan"]
[Result "1-0"]
[WhiteElo "2231"]
[BlackElo "2127"]
[PlyCount "76"]
[EventDate "2007.??.??"]

1. e4 e5 2. Bc4 Nf6 3. Qe2 Bc5 4. Nf3 d6 5. c3 Nc6 6. O-O a6 7. Rd1 Qe7 8. d4
Ba7 9. d5 Nb8 10. h3 Nbd7 11. Nbd2 O-O 12. Nf1 h6 13. Ng3 Nb6 14. Bd3 Bd7 15.
b3 Rfe8 16. Bc2 Rad8 17. a4 Nc8 18. Qc4 c6 19. dxc6 Bxc6 20. Ba3 Qe6 21. Qxe6
Rxe6 22. c4 Ree8 23. a5 g6 24. b4 Kg7 25. Rab1 b5 26. axb6 Bxb6 27. Rd2 Ba7 28.
Rbd1 Bb6 29. c5 Bc7 30. Bb2 dxc5 31. Rxd8 Bxd8 32. Nxe5 Ba8 33. Ng4 Be7 34.
bxc5 h5 35. Nxf6 Bxf6 36. Bxf6+ Kxf6 37. Ra1 Re6 38. Bb3 Rc6 {
rest der partie unleserlich} 1-0

[Event "7th European Individual Senior Champion."]
[Site "Hockenheim, Germany"]
[Date "2007.06.07"]
[Round "6.29"]
[White "Krieger, Hermann"]
[Black "Khazankin, Moisei"]
[Result "1-0"]
[WhiteElo "2223"]
[BlackElo "2112"]
[PlyCount "89"]
[EventDate "2007.??.??"]

1. e4 c5 2. Nf3 d6 3. d4 cxd4 4. Nxd4 Nf6 5. Nc3 a6 6. f4 e6 7. a4 Nc6 8. Be2
Qc7 9. Be3 Be7 10. O-O Bd7 11. Nb3 b6 12. Bf3 Rb8 13. Qe2 Bc8 14. Rfd1 O-O 15.
Qf2 Nd7 16. g4 Re8 17. g5 Bf8 18. h4 g6 19. h5 Nc5 20. hxg6 fxg6 21. Nd4 Nxd4
22. Bxd4 Qf7 23. Bg2 Be7 24. Be3 Bb7 25. Rd2 Rf8 26. Rf1 Qe8 27. Ra1 Bc6 28. b3
Qd7 29. Qg3 Qb7 30. Qh3 Bd7 31. b4 e5 32. Qh6 exf4 33. Nd5 Bc6 34. Nxf4 Rxf4
35. Bxf4 Nxe4 36. Bxe4 Bxe4 37. Re1 Rc8 38. Qh3 Bf5 39. Qb3+ Kg7 40. Qe3 Rc7
41. Bxd6 Bxd6 42. Rxd6 h5 43. Qe5+ Kh7 44. Rd8 Rg7 45. Qe8 1-0

[Event "7th European Individual Senior Champion."]
[Site "Hockenheim, Germany"]
[Date "2007.06.07"]
[Round "6.30"]
[White "Jadrijevic, Ante"]
[Black "Taksrud, Vidar"]
[Result "1-0"]
[WhiteElo "2213"]
[BlackElo "2099"]
[PlyCount "123"]
[EventDate "2007.??.??"]

1. d4 d5 2. Bf4 Nf6 3. e3 Nbd7 4. c4 e6 5. Nc3 c6 6. Nf3 dxc4 7. Bxc4 Nb6 8.
Be2 Nbd5 9. Bg3 Bb4 10. Qb3 Qa5 11. Rc1 Ne4 12. O-O Bxc3 13. bxc3 Ndxc3 14. Bd3
Nxg3 15. hxg3 Nxa2 16. Rc4 b5 17. Rxc6 Nb4 18. Qc3 Bd7 19. Rc7 Qb6 20. Be4 Nd5
21. Bxd5 exd5 22. Ne5 Be6 23. Rc6 b4 24. Rxb6 bxc3 25. Rc6 O-O 26. Rxc3 a5 27.
Ra1 f6 28. Nd3 Rfb8 29. Nf4 Bf7 30. Rca3 g5 31. Ne2 Rb2 32. Nc3 Rc2 33. Na4 Rb8
34. Nc5 Rd2 35. Rb3 Rxb3 36. Nxb3 Rb2 37. Nxa5 Be8 38. Rc1 Kf7 39. g4 Ke6 40.
Rc3 Kd6 41. Nb3 h5 42. gxh5 Bxh5 43. Nc5 Be8 44. Ra3 Bb5 45. Ra7 Be8 46. Ra8
Ke7 47. Ra6 Bf7 48. Ra7+ Kf8 49. Nd7+ Kg7 50. Ra6 f5 51. Ra7 Be6 52. Nc5+ Bf7
53. Ne6+ Kf6 54. Nxg5 Bh5 55. Nh3 Rb5 56. Kh2 Be2 57. Kg3 Bd3 58. Kf4 Rb2 59.
Ra1 Be4 60. Ra6+ Kg7 61. Ra7+ Kf6 62. g3 {rest der partie unleserlich} 1-0

[Event "7th European Individual Senior Champion."]
[Site "Hockenheim, Germany"]
[Date "2007.06.07"]
[Round "6.31"]
[White "Achenbach, Manfred"]
[Black "Dotan, Valeria"]
[Result "0-1"]
[WhiteElo "2187"]
[BlackElo "2075"]
[PlyCount "117"]
[EventDate "2007.??.??"]

1. e4 c5 2. c3 Nf6 3. e5 Nd5 4. d4 cxd4 5. cxd4 d6 6. exd6 Qxd6 7. Nc3 Nc6 8.
Nf3 Bg4 9. Be2 e6 10. O-O Be7 11. Ne4 Qc7 12. h3 Bh5 13. a3 O-O 14. Ng3 Bg6 15.
Bd3 Rfd8 16. Bxg6 hxg6 17. Bd2 Bf6 18. Rc1 Rac8 19. Ne4 Qb6 20. Nxf6+ Nxf6 21.
Bg5 Rc7 22. Qc2 Rcd7 23. Ne5 Rd5 24. Nxc6 bxc6 25. Be3 Rc8 26. b4 a5 27. Rb1
axb4 28. Rxb4 Qa5 29. Ra4 Qd8 30. Rc1 Ra5 31. Rc4 Rxa3 32. Rxc6 Rxc6 33. Qxc6
Ra8 34. Bg5 Qa5 35. Bf4 Qd5 36. Qb6 Nd7 37. Qd6 Qxd6 38. Bxd6 Nf6 39. Rb1 Nd5
40. Rb7 Rd8 41. Bc5 Nf4 42. Kf1 Ra8 43. Ba7 g5 44. f3 Rc8 45. Bc5 Nd3 46. Rb3
Nxc5 47. Rc3 Kf8 48. dxc5 Ke7 49. Ke2 Kd7 50. Ke3 Ra8 51. Kd4 Ra4+ 52. Rc4 Ra2
53. Rb4 Kc7 54. g3 Ra3 55. Kc4 Rxf3 56. Ra4 Rf1 57. Ra7+ Kc6 58. Re7 Rf5 59.
Kd4 0-1

[Event "7th European Individual Senior Champion."]
[Site "Hockenheim, Germany"]
[Date "2007.06.07"]
[Round "6.32"]
[White "Kuznetsova, Luba"]
[Black "Striebich, Rudolf"]
[Result "1-0"]
[WhiteElo "2064"]
[BlackElo "2187"]
[PlyCount "81"]
[EventDate "2007.??.??"]

1. d4 Nf6 2. Nf3 g6 3. g3 Bg7 4. Bg2 O-O 5. c4 d6 6. O-O c6 7. Nc3 Qc7 8. e4 e5
9. d5 Bg4 10. h3 Bxf3 11. Qxf3 c5 12. Bg5 Ne8 13. Qe3 f5 14. exf5 gxf5 15. Kh1
Qf7 16. f4 e4 17. Qe2 h5 18. Rac1 a6 19. a4 b6 20. Ra1 Nd7 21. Ra3 Nc7 22. Nd1
Bd4 23. Rb3 Kg7 24. Ne3 Rfe8 25. Kh2 Kg6 26. Nxf5 Qxf5 27. g4 hxg4 28. hxg4
Rh8+ 29. Kg3 Qf7 30. Bxe4+ Kg7 31. Qg2 Bf6 32. Bxf6+ Qxf6 33. g5 Qe7 34. Re1
Rae8 35. Rbe3 Qf7 36. Qf3 Qh5 37. Qxh5 Rxh5 38. Bf5 Ne5 39. fxe5 Rxg5+ 40. Kf4
Rh5 41. exd6 1-0

[Event "7th European Individual Senior Champion."]
[Site "Hockenheim, Germany"]
[Date "2007.06.07"]
[Round "6.33"]
[White "Bounianer, Wladimir"]
[Black "Eidelmann, Vova"]
[Result "1-0"]
[WhiteElo "2183"]
[BlackElo "2047"]
[PlyCount "77"]
[EventDate "2007.??.??"]

1. d4 Nf6 2. c4 e6 3. Nf3 Bb4+ 4. Bd2 Qe7 5. e3 b6 6. Bd3 Bb7 7. O-O Bxd2 8.
Nfxd2 d6 9. Nc3 Nbd7 10. Qc2 O-O 11. Nde4 Nxe4 12. Bxe4 Bxe4 13. Qxe4 f5 14.
Qc6 Nf6 15. e4 Qd7 16. Qxd7 Nxd7 17. Nb5 Rfc8 18. exf5 exf5 19. d5 Ne5 20. Rfe1
a6 21. Nd4 g6 22. f4 Nd3 23. Re7 Nc5 24. b4 Ne4 25. g4 b5 26. gxf5 gxf5 27.
Nxf5 Re8 28. Re1 Nf6 29. Rg7+ Kf8 30. Re6 Rxe6 31. dxe6 bxc4 32. Rf7+ Ke8 33.
Ng7+ Kd8 34. Rf8+ Ke7 35. Rxa8 c3 36. Rxa6 c5 37. bxc5 d5 38. Nf5+ Kd8 39. Nd4
1-0

[Event "7th European Individual Senior Champion."]
[Site "Hockenheim, Germany"]
[Date "2007.06.07"]
[Round "6.34"]
[White "Niebling, Ferdinand"]
[Black "Semmler, Guenter"]
[Result "1/2-1/2"]
[WhiteElo "2226"]
[BlackElo "2030"]
[PlyCount "93"]
[EventDate "2007.??.??"]

1. e4 d6 2. Nf3 Nf6 3. Nc3 e5 4. d4 Nbd7 5. Bc4 Be7 6. O-O O-O 7. a4 a5 8. Qe2
c6 9. Rd1 Qc7 10. Bg5 exd4 11. Nxd4 Ne5 12. Ba2 Ng6 13. Nf5 Rd8 14. Nxe7+ Qxe7
15. f3 h6 16. Be3 Be6 17. Bxe6 Qxe6 18. Rd2 Qe7 19. Rad1 Qc7 20. Qf2 Ra6 21.
Qg3 Nh5 22. Qh3 Nf6 23. b3 Raa8 24. Qg3 Nh5 25. Qf2 Qe7 26. Ne2 Nf6 27. Bb6 Rd7
28. Nd4 d5 29. Nf5 Qe6 30. Ng3 dxe4 31. Rxd7 Nxd7 32. Nxe4 Nxb6 33. Qxb6 Qe7
34. Qd4 Kf8 35. Nc5 Kg8 36. Ne4 Kf8 37. Ng3 Re8 38. Nf5 Qe5 39. Qxe5 Nxe5 40.
Kf2 h5 41. Re1 f6 42. h3 Rd8 43. Ke3 g6 44. Nd4 Kf7 45. f4 Nd7 46. Kd3 Nb6 47.
Ke3 1/2-1/2

[Event "7th European Individual Senior Champion."]
[Site "Hockenheim, Germany"]
[Date "2007.06.07"]
[Round "6.35"]
[White "Hutchinson, Norman A"]
[Black "Zhelesny, Stanislav"]
[Result "1-0"]
[WhiteElo "2087"]
[BlackElo "2222"]
[PlyCount "58"]
[EventDate "2007.??.??"]

1. e4 c6 2. d4 d5 3. e5 Bf5 4. Nc3 e6 5. g4 Bg6 6. Nge2 f6 7. Nf4 Bf7 8. Qe2
fxe5 9. Qxe5 Qd6 10. Qe2 Be7 11. Nd3 Bf6 12. Bf4 Qe7 13. Qe3 h6 14. O-O-O Nd7
15. Re1 Qf8 16. h4 g5 17. Bg3 gxh4 18. Bxh4 Qg7 19. Bxf6 Ngxf6 20. f3 O-O-O 21.
Ne5 Rdf8 22. Bh3 Nxe5 23. dxe5 Nd7 24. f4 Nb6 25. b3 Rd8 26. Ne2 Qf8 27. Kb2 c5
28. f5 d4 29. Qd2 Kb8 {notations unreadable, 1-0 (44)} 1-0

[Event "7th European Individual Senior Champion."]
[Site "Hockenheim, Germany"]
[Date "2007.06.07"]
[Round "6.36"]
[White "Thieme, Hans"]
[Black "Khroulkov, German"]
[Result "0-1"]
[WhiteElo "2055"]
[BlackElo "2215"]
[PlyCount "66"]
[EventDate "2007.??.??"]

1. c4 e5 2. d3 f5 3. Nf3 d6 4. Qc2 Nf6 5. Nbd2 Be7 6. b4 O-O 7. g3 a5 8. b5 b6
9. Bg2 Bb7 10. O-O Qe8 11. Bb2 Qh5 12. Nh4 Bxg2 13. Kxg2 Nbd7 14. Nhf3 g5 15.
e3 g4 16. Ng1 Qg5 17. f4 gxf3+ 18. Rxf3 Ng4 19. Re1 Nc5 20. d4 e4 21. dxc5
exf3+ 22. Ndxf3 Nxe3+ 23. Rxe3 Qxe3 24. cxb6 cxb6 25. Bd4 Qe4 26. Qc1 Bf6 27.
Bxb6 Rac8 28. c5 dxc5 29. Bxa5 c4 30. Nh3 Qe2+ 31. Nf2 c3 32. Qh6 Qxb5 33. Ng5
Qb7+ 0-1

[Event "7th European Individual Senior Champion."]
[Site "Hockenheim, Germany"]
[Date "2007.06.07"]
[Round "6.37"]
[White "Gousseinov, Aguif"]
[Black "Gabriel, Josef"]
[Result "1-0"]
[WhiteElo "2049"]
[BlackElo "2202"]
[PlyCount "120"]
[EventDate "2007.??.??"]

1. e4 e5 2. Nf3 d6 3. d4 Nd7 4. Bc4 c6 5. O-O Be7 6. c3 Ngf6 7. Qc2 O-O 8. Rd1
Qc7 9. Nbd2 b5 10. Bd3 a6 11. a4 Bb7 12. Nf1 Rac8 13. Ne3 g6 14. b3 Rfe8 15. h3
Bf8 16. Nh2 c5 17. d5 c4 18. bxc4 bxc4 19. Be2 Nc5 20. Nhg4 Ncxe4 21. f3 h5 22.
fxe4 hxg4 23. Bxg4 Rb8 24. Be2 Qc5 25. Kh2 Bh6 26. Nxc4 Bf4+ 27. Kh1 Nh5 28.
Bxh5 Qxc4 29. Be2 Qc7 30. Bxf4 exf4 31. Rf1 Qe7 32. Bd3 Qe5 33. Qd2 g5 34. Rab1
a5 35. Rb6 f5 36. Rfb1 fxe4 37. Be2 Re7 38. Bg4 Kg7 39. c4 e3 40. Qb2 Kf6 41.
Rxd6+ Kf7 42. Be6+ Kf6 43. Bg4+ Kf7 44. Bh5+ Kf8 45. Rf6+ Kg7 46. Rb6 Kf8 47.
c5 g4 48. Bxg4 Qxd5 49. Qh8+ Qg8 50. Rf6+ Rf7 51. Qh6+ Ke8 52. c6 Qh7 53. Re6+
Kd8 54. Rd1+ Kc7 55. Qg5 Bxc6 56. Rxc6+ Kxc6 57. Qd5+ Kb6 58. Qb5+ Kc7 59. Rc1+
Kd8 60. Qxb8+ Ke7 1-0

[Event "7th European Individual Senior Champion."]
[Site "Hockenheim, Germany"]
[Date "2007.06.07"]
[Round "6.38"]
[White "Amrehn, Fred"]
[Black "Ellinger, Hans Dr"]
[Result "1-0"]
[WhiteElo "2185"]
[BlackElo "2115"]
[PlyCount "93"]
[EventDate "2007.??.??"]

1. d4 d5 2. Nf3 Nc6 3. g3 Bg4 4. Bg2 e6 5. O-O Nf6 6. b3 Be7 7. Bb2 O-O 8. c4
Bxf3 9. Bxf3 Qd7 10. e3 Rad8 11. Nd2 Bb4 12. a3 Bxd2 13. Qxd2 Ne4 14. Qc2 f5
15. Bg2 Ne7 16. f3 Nf6 17. Rad1 c6 18. b4 Qe8 19. a4 Rc8 20. c5 Qh5 21. b5 g5
22. Qb3 Rb8 23. e4 Qg6 24. exf5 exf5 25. Rde1 Qf7 26. Qe3 Ng6 27. Qxg5 cxb5 28.
axb5 Qd7 29. Bc1 Qxb5 30. Qxf5 Qc4 31. Be3 a5 32. Rc1 Qb4 33. Rb1 Qc3 34. Bf2
Kg7 35. f4 Ne4 36. Qxd5 Nxf2 37. Rxf2 Qe3 38. Rxb7+ Rxb7 39. Qxb7+ Rf7 40. Qe4
Qc3 41. f5 Nf8 42. Qg4+ Kh8 43. Bd5 Rg7 44. Qh4 Qe1+ 45. Kg2 Qe8 46. f6 Ra7 47.
f7 1-0

[Event "7th European Individual Senior Champion."]
[Site "Hockenheim, Germany"]
[Date "2007.06.07"]
[Round "6.39"]
[White "Preuss, Flemming"]
[Black "Hohler, Peter"]
[Result "1-0"]
[WhiteElo "2045"]
[BlackElo "2183"]
[PlyCount "103"]
[EventDate "2007.??.??"]

1. e4 e5 2. Nf3 Nc6 3. d4 exd4 4. c3 d5 5. exd5 Qxd5 6. cxd4 Bg4 7. Be2 Bb4+ 8.
Nc3 Bxf3 9. Bxf3 Qc4 10. Qb3 Qxb3 11. axb3 Nge7 12. Bg5 f6 13. Bh5+ Ng6 14. Be3
O-O 15. O-O a6 16. Bf3 Nh4 17. Bd5+ Kh8 18. Ra4 Bd6 19. Bxc6 bxc6 20. d5 Nf5
21. dxc6 Nxe3 22. fxe3 Rfb8 23. Ne4 Be5 24. Rd1 Rb6 25. b4 h6 26. Rc1 Rab8 27.
Rc4 Bxb2 28. Nc5 Rxc6 29. Rxa6 Rd6 30. Ra7 Be5 31. Na6 Rbd8 32. Nxc7 Rd1+ 33.
Kf2 R8d2+ 34. Kf3 f5 35. e4 Rd3+ 36. Ke2 R3d2+ 37. Kf3 Rd3+ 38. Ke2 R1d2+ 39.
Kf1 Bxh2 40. exf5 Rd1+ 41. Ke2 R1d2+ 42. Kf1 Bg3 43. Ra1 Rf2+ 44. Kg1 Rdd2 45.
Ne6 Rxg2+ 46. Kh1 Rh2+ 47. Kg1 Rdg2+ 48. Kf1 Be5 49. Rc8+ Kh7 50. Nf8+ Kg8 51.
Ng6+ Kf7 52. Rf8# 1-0

[Event "7th European Individual Senior Champion."]
[Site "Hockenheim, Germany"]
[Date "2007.06.07"]
[Round "6.40"]
[White "Ofstad, Per"]
[Black "Masich, Vladimir"]
[Result "1/2-1/2"]
[WhiteElo "2169"]
[BlackElo "2079"]
[PlyCount "175"]
[EventDate "2007.??.??"]

1. e4 d6 2. d4 Nf6 3. Nc3 g6 4. Nf3 Bg7 5. h3 c6 6. a4 a5 7. Be3 O-O 8. Qd2
Nbd7 9. Be2 Qc7 10. O-O Rd8 11. Rad1 d5 12. Bf4 Qb6 13. exd5 Nxd5 14. Nxd5 cxd5
15. Qc3 Qc6 16. Qb3 Nf6 17. Bb5 Qb6 18. Ne5 Be6 19. Rfe1 Ne4 20. Qe3 Nd6 21.
Bd3 Nf5 22. Bxf5 Bxf5 23. Qd2 Qxb2 24. Rb1 Qxc2 25. Rxb7 Qxd2 26. Bxd2 Kf8 27.
Bg5 f6 28. Ng4 Rd7 29. Rxd7 Bxd7 30. Bd2 Bxa4 31. Ra1 Bb3 32. Rxa5 Rxa5 33.
Bxa5 h5 34. Nh2 Ke8 35. f4 Bh6 36. g3 h4 37. Ng4 Bg7 38. gxh4 Kd7 39. Kf2 Ke6
40. Ne3 Bh6 41. Kg3 Bc4 42. Ng4 Bf8 43. Ne3 Bd3 44. Bb4 Be4 45. Ng4 Kf7 46. Bc5
Bg7 47. Bb6 Bd3 48. Bc5 Bf1 49. Ne3 Bc4 50. Ng4 Ke6 51. Kf3 Bf8 52. Bb6 Bf1 53.
Kg3 Be2 54. Kf2 Bd1 55. Ne3 Bb3 56. Kg3 Bc4 57. Kf3 Bg7 58. Ng4 Bd3 59. Ba7
Be4+ 60. Kg3 Bd3 61. Bb6 Kf5 62. Kf3 Be4+ 63. Kg3 Ke6 64. Kf2 Kf7 65. Kg3 Bf8
66. Bc5 Bd3 67. Kf2 Bc4 68. Kg3 Bg7 69. Kf3 Bd3 70. Kg3 Ke6 71. Kf3 Be4+ 72.
Kg3 Kd7 73. Kf2 Bd3 74. Kg3 e6 75. Kf2 Bf5 76. Kg3 Bc2 77. Kf2 Bf5 78. Kg3 Ke8
79. Kf2 Kf7 80. Kg3 Kg8 81. Kf2 Kf7 82. Kg3 Bxg4 83. hxg4 e5 84. fxe5 fxe5 85.
dxe5 Bxe5+ 86. Kf3 Bf6 87. g5 Bg7 88. Kg4 1/2-1/2

[Event "7th European Individual Senior Champion."]
[Site "Hockenheim, Germany"]
[Date "2007.06.07"]
[Round "6.42"]
[White "Bondick, Karl-Heinz"]
[Black "Belokopyt, Boris"]
[Result "1-0"]
[WhiteElo "2158"]
[BlackElo "2037"]
[PlyCount "83"]
[EventDate "2007.??.??"]

1. d4 Nf6 2. c4 d6 3. Nc3 g6 4. e4 Bg7 5. f4 O-O 6. Nf3 Nbd7 7. Bd3 e5 8. fxe5
dxe5 9. d5 Nh5 10. Bg5 f6 11. Be3 Qe7 12. Qd2 f5 13. O-O-O f4 14. Bf2 Nc5 15.
Bc2 a5 16. d6 cxd6 17. Qxd6 Qxd6 18. Rxd6 Na6 19. Rhd1 Nb4 20. Bb3 Nc6 21. Ba4
Ne7 22. Nd5 Nxd5 23. cxd5 Nf6 24. Re1 Ng4 25. Bc5 Ne3 26. Bxe3 fxe3 27. Kd1 Bg4
28. Rxe3 Rac8 29. Bd7 Bxd7 30. Rxd7 b5 31. Rc3 b4 32. Rcc7 Rxc7 33. Rxc7 Rf4
34. d6 Rf8 35. Ng5 Bf6 36. Nxh7 Rf7 37. Rxf7 Kxf7 38. Nxf6 Kxf6 39. h4 Ke6 40.
g4 Kxd6 41. Kc2 a4 42. b3 1-0

[Event "7th European Individual Senior Champion."]
[Site "Hockenheim, Germany"]
[Date "2007.06.07"]
[Round "6.43"]
[White "Kripp, Wolfgang"]
[Black "Bayer, Wolfgang Dr"]
[Result "1-0"]
[WhiteElo "2146"]
[BlackElo "2045"]
[PlyCount "79"]
[EventDate "2007.??.??"]

1. e4 c5 2. c3 d5 3. exd5 Qxd5 4. d4 Nc6 5. dxc5 Qxc5 6. Be3 Qa5 7. Nf3 Nf6 8.
Bc4 e6 9. O-O Be7 10. Qc2 a6 11. Nbd2 b5 12. Bd3 Bb7 13. Nb3 Qc7 14. Bc5 Rc8
15. Bxe7 Qxe7 16. Qe2 Nd5 17. g3 Nc7 18. a4 b4 19. Rac1 O-O 20. c4 Rfd8 21.
Rfe1 Qf6 22. Nc5 Ba8 23. Ne4 Qe7 24. c5 Nd4 25. Nxd4 Rxd4 26. Nd6 Rxd6 27. cxd6
Qxd6 28. Red1 Qb6 29. Be4 g6 30. Bxa8 Rxa8 31. Rd7 Nd5 32. Qf3 Rf8 33. Qd3 Qa5
34. b3 Nc3 35. Re1 Ra8 36. Qd6 Nd5 37. Rxe6 Nc3 38. Re5 Nb5 39. Qf6 Rf8 40.
Rxf7 1-0

[Event "7th European Individual Senior Champion."]
[Site "Hockenheim, Germany"]
[Date "2007.06.07"]
[Round "6.44"]
[White "Josting, Friedel"]
[Black "Sorokina, Tamara"]
[Result "1/2-1/2"]
[WhiteElo "2026"]
[BlackElo "2145"]
[PlyCount "69"]
[EventDate "2007.??.??"]

1. d4 Nf6 2. Nf3 e6 3. Bg5 d5 4. Nbd2 Be7 5. e3 h6 6. Bh4 Nbd7 7. Bd3 c5 8. c3
b6 9. O-O Bb7 10. Qe2 O-O 11. h3 Ne4 12. Bxe7 Qxe7 13. Ba6 Bxa6 14. Qxa6 f5 15.
Qe2 Rac8 16. Rad1 c4 17. Nxe4 fxe4 18. Nh2 b5 19. f3 Nf6 20. Ng4 Nxg4 21. fxg4
b4 22. Rxf8+ Rxf8 23. Rf1 Rb8 24. Qf2 a5 25. h4 Rb7 26. Qg3 Qc7 27. Qf2 bxc3
28. bxc3 Rb8 29. g5 hxg5 30. hxg5 Qe7 31. Qh4 Rf8 32. Rxf8+ Kxf8 33. Qh8+ Kf7
34. Qh5+ Kf8 35. Qh8+ 1/2-1/2

[Event "7th European Individual Senior Champion."]
[Site "Hockenheim, Germany"]
[Date "2007.06.07"]
[Round "6.45"]
[White "Schmoll, Heinz"]
[Black "Giacomelli, Bernd"]
[Result "0-1"]
[WhiteElo "2133"]
[BlackElo "1957"]
[PlyCount "50"]
[EventDate "2007.??.??"]

1. e4 e6 2. d4 b6 3. Bd3 c5 4. Nf3 Ba6 5. c4 cxd4 6. Nxd4 Bc5 7. Nc2 Qf6 8. O-O
Ne7 9. Nc3 Nbc6 10. Be3 Nd4 11. e5 Qxe5 12. f4 Nxc2 13. fxe5 Nxe3 14. Qf3 Nxf1+
15. Kxf1 O-O 16. Ne4 Bd4 17. Nf6+ gxf6 18. Qg4+ Ng6 19. Qxd4 fxe5 20. Qxd7 Nf4
21. Be4 Bxc4+ 22. Kg1 Rad8 23. Qe7 f5 24. Qg5+ Kf7 25. Bf3 Nh3+ 0-1

[Event "7th European Individual Senior Champion."]
[Site "Hockenheim, Germany"]
[Date "2007.06.07"]
[Round "6.46"]
[White "Rahn, Oskar"]
[Black "Woisetschlaeger, Adolf"]
[Result "1-0"]
[WhiteElo "2122"]
[BlackElo "1892"]
[PlyCount "87"]
[EventDate "2007.??.??"]

1. e4 e6 2. d4 d5 3. e5 c5 4. c3 Nc6 5. Nf3 Qb6 6. Be2 cxd4 7. cxd4 Bb4+ 8. Nc3
Bd7 9. O-O Rc8 10. Na4 Qa5 11. a3 Be7 12. Bd2 Qd8 13. b4 a6 14. Rc1 b5 15. Nc5
Nb8 16. Nxd7 Nxd7 17. Rxc8 Qxc8 18. a4 Qc6 19. Qc1 Qxc1 20. Rxc1 bxa4 21. Bxa6
Bd8 22. Bb5 a3 23. Ra1 Ne7 24. Rxa3 Nc8 25. Ra8 Ncb6 26. Ra7 f6 27. Bc6 Rf8 28.
b5 Rf7 29. Bb4 Nc4 30. Bc5 Na5 31. Ra8 Nxc6 32. bxc6 Nxc5 33. dxc5 Rc7 34. Nd4
Ke7 35. f4 fxe5 36. fxe5 Ke8 37. Nxe6 Rxc6 38. Rxd8+ Ke7 39. Rd6 Rc8 40. c6 Ra8
41. c7 Ra1+ 42. Kf2 Rc1 43. Nf4 Kf7 44. Nxd5 1-0

[Event "7th European Individual Senior Champion."]
[Site "Hockenheim, Germany"]
[Date "2007.06.07"]
[Round "6.47"]
[White "Klein, Klaus"]
[Black "Abolina, Arija-solveiga"]
[Result "1/2-1/2"]
[WhiteElo "2120"]
[BlackElo "1870"]
[PlyCount "49"]
[EventDate "2007.??.??"]

1. e4 c6 2. d4 d5 3. Nc3 dxe4 4. Nxe4 Bf5 5. Ng3 Bg6 6. Nf3 Nd7 7. h4 h6 8. h5
Bh7 9. Bd3 Bxd3 10. Qxd3 Qc7 11. Bd2 e6 12. O-O-O Ngf6 13. Kb1 O-O-O 14. Qe2
Bd6 15. Ne4 Nxe4 16. Qxe4 Nf6 17. Qe2 Rhe8 18. Ne5 Re7 19. Bf4 Nd7 20. Rhe1
Nxe5 21. dxe5 Bc5 22. Rxd8+ Qxd8 23. Rd1 Rd7 24. Rxd7 Qxd7 25. c3 1/2-1/2

[Event "7th European Individual Senior Champion."]
[Site "Hockenheim, Germany"]
[Date "2007.06.07"]
[Round "6.48"]
[White "Funk, Paul"]
[Black "Mertens, Gottfried"]
[Result "1-0"]
[WhiteElo "2197"]
[BlackElo "2035"]
[PlyCount "71"]
[EventDate "2007.??.??"]

1. d4 f5 2. e4 fxe4 3. Nc3 Nf6 4. Bg5 g6 5. Bxf6 exf6 6. Nxe4 Qe7 7. Qe2 Bg7 8.
O-O-O d5 9. Ng3 Qxe2 10. Bxe2 Be6 11. h4 Nc6 12. c3 O-O-O 13. Bd3 Bh6+ 14. Kc2
f5 15. h5 f4 16. hxg6 hxg6 17. Nf1 Ne7 18. Re1 Kd7 19. Nf3 Rdf8 20. N1d2 c6 21.
Re2 g5 22. b3 Rf6 23. Nxg5 Bf5 24. Ndf3 Bxd3+ 25. Kxd3 Ng6 26. Ne5+ Nxe5+ 27.
dxe5 Rg6 28. e6+ Ke7 29. Nf7 Rh7 30. Re5 Rxg2 31. Nxh6 Ke8 32. e7 Rg6 33. Reh5
Re6 34. Nf5 Rxh5 35. Rxh5 Kd7 36. Rh8 1-0

[Event "7th European Individual Senior Champion."]
[Site "Hockenheim, Germany"]
[Date "2007.06.07"]
[Round "6.49"]
[White "Lein, Marina"]
[Black "Lainburg, Victor"]
[Result "0-1"]
[WhiteElo "2017"]
[BlackElo "2188"]
[PlyCount "52"]
[EventDate "2007.??.??"]

1. d4 d5 2. Nf3 Nc6 3. Bf4 Bg4 4. Ne5 Nxe5 5. Bxe5 e6 6. h3 Bh5 7. Qd2 Nf6 8.
Qf4 c6 9. Bxf6 gxf6 10. Nd2 Bg6 11. O-O-O h5 12. e3 h4 13. g4 Bd6 14. Qf3 Qe7
15. Qe2 e5 16. Nb3 O-O-O 17. Qd2 e4 18. a3 f5 19. gxf5 Bxf5 20. c4 Kb8 21. c5
Bc7 22. Qb4 Ka8 23. Na5 Bc8 24. Be2 Rdg8 25. Bf1 Qf6 26. Qd2 Qf3 0-1

[Event "7th European Individual Senior Champion."]
[Site "Hockenheim, Germany"]
[Date "2007.06.07"]
[Round "6.50"]
[White "De Laubadere, Philippe"]
[Black "Feller, Joseph"]
[Result "0-1"]
[WhiteElo "2003"]
[BlackElo "2174"]
[PlyCount "62"]
[EventDate "2007.??.??"]

1. d4 d5 2. c4 dxc4 3. Nf3 Nf6 4. e3 Bg4 5. Bxc4 e6 6. Qa4+ c6 7. Be2 Nbd7 8.
Nc3 Bd6 9. b4 O-O 10. Bb2 b5 11. Qb3 a5 12. bxa5 Qxa5 13. O-O b4 14. Nb1 Qa4
15. Nbd2 Nb6 16. Rfc1 Rfc8 17. e4 Be7 18. Qd3 Qa7 19. Bd1 Na4 20. Bxa4 Qxa4 21.
Nb3 Qb5 22. Qe3 Bh5 23. Ne5 Ng4 24. Nxg4 Bxg4 25. Nc5 Bh5 26. Rc2 Ra7 27. d5
cxd5 28. Nxe6 Rxc2 29. Qxa7 fxe6 30. Qxe7 Rxb2 31. Qxe6+ Bf7 0-1